| 000 | 00709nam a2200193 i 4500 | ||
|---|---|---|---|
| 001 | 94138 | ||
| 003 | ES-MaACL | ||
| 005 | 20230906181417.0 | ||
| 007 | t| | ||
| 008 | 050622s1998 sp ||||1| spa d | ||
| 020 | _a84-7721-621-5 | ||
| 080 | _a1 Shaftesbury, Anthony Ashley Cooper, Earl of | ||
| 100 | 1 |
_aAndreu Rodrigo, Agustín. _921649 |
|
| 245 | 1 | 0 |
_aShaftesbury _b: crisis de la civilización puritana / _cAgustín Andreu Rodrigo. |
| 260 |
_aValencia : _bUniversidad Politécnica de Valencia, Servicio de Publicaciones, _c[1998] |
||
| 300 |
_a201 p. ; _c24 cm. |
||
| 600 | 1 | 4 |
_aShaftesbury, Anthony Ashley Cooper _cEarl of- _xCrítica e interpretación. _9105983 |
| 852 |
_aES-MaACL _jL-29214 _bR.135889 |
||
| 999 |
_c94138 _d94138 |
||